00000000cam 2200000zi 4500
0019.951544
003CaOODSP
00520260529133915
006m     o  d f      
007cr cn|||||||||
008250529e202506##onc     o    f000 0 eng d
020 |a9780660774978
040 |aCaOODSP|beng|erda|cCaOODSP
043 |an-cn---
045 |ay2y2
0861 |aP114-32/2025E-PDF
24500|aFollow-up report to the 2020-2021 procurement practice review of non-competitive contracts involving WE Charity / |cOffice of the Procurement Ombud.
264 1|aOttawa, ON : |bGovernment of Canada, Office of the Procurement Ombud = Gouvernement du Canada, Bureau de l'ombud de l'approvisionnement, |cJune 2025.
300 |a1 online resource (21 pages)
336 |atext|btxt|2rdacontent
337 |acomputer|bc|2rdamedia
338 |aonline resource|bcr|2rdacarrier
500 |aIssued also in French under title: Rapport de suivi concernant l'examen des pratiques d'approvisionnement relatif aux contrats non concurrentiels conclus avec l'organisme UNIS de 2020-2021.
61020|aCanada School of Public Service|xProcurement|xEvaluation.
61010|aCanada. |bGlobal Affairs Canada|xProcurement|xEvaluation.
61010|aCanada. |bPrivy Council Office|xProcurement|xEvaluation.
61020|aPublic Health Agency of Canada|xProcurement|xEvaluation.
650 0|aPublic contracts |zCanada|xEvaluation.
7101 |aCanada. |bOffice of the Procurement Ombud, |eissuing body.
77508|tRapport de suivi concernant l'examen des pratiques d'approvisionnement relatif aux contrats non concurrentiels conclus avec l'organisme UNIS de 2020-2021 / |w(CaOODSP)9.951545
85640|qPDF|s393 KB|uhttps://publications.gc.ca/collections/collection_2026/spac-pspc/P114-32-2025-eng.pdf
8564 |qHTML|sN/A|uhttps://opo-boa.gc.ca/praapp-prorev/2020-2021/follow-up-report-2021-eng.html